Textile science : (Record no. 69677)
[ view plain ]
| 000 -LEADER | |
|---|---|
| fixed length control field | 00736nam a2200241 a 4500 |
| 001 - CONTROL NUMBER | |
| control field | 69677 |
| 003 - CONTROL NUMBER IDENTIFIER | |
| rucl marc code | BD-RjUL |
| 005 - DATE AND TIME OF LATEST TRANSACTION | |
| control field | 20211209081920.0 |
| 008 - FIXED-LENGTH DATA ELEMENTS--GENERAL INFORMATION | |
| fixed length control field | 170413r19491948enka b 001 0 eng |
| 035 ## - SYSTEM CONTROL NUMBER | |
| System control number | (BD-RjUL)69889 |
| 040 ## - CATALOGING SOURCE | |
| Original cataloging agency | DLC |
| Transcribing agency | GAT |
| Modifying agency | BD-RjUL |
| Language of cataloging | eng |
| 041 ## - LANGUAGE CODE | |
| Language code of text/sound track or separate title | eng |
| 082 ## - DEWEY DECIMAL CLASSIFICATION NUMBER | |
| Edition number | 23 |
| Classification number | 677 |
| Author mark and year | MAT 1949 |
| 100 1# - MAIN ENTRY--PERSONAL NAME | |
| Personal name | Marsh, J. T. |
| Fuller form of name | (John Thompson) |
| 9 (RLIN) | 206388 |
| 245 10 - TITLE STATEMENT | |
| Title | Textile science : |
| Remainder of title | an introductory manual. |
| Statement of responsibility, etc. | J T Marsh |
| 260 ## - PUBLICATION, DISTRIBUTION, ETC. (IMPRINT) | |
| Place of publication, distribution, etc. | London : |
| Name of publisher, distributor, etc. | Chapman & Hall, |
| Date of publication, distribution, etc. | 1948, [Second impression 1949] |
| 300 ## - PHYSICAL DESCRIPTION | |
| Pagination | xii, 388 p. : |
| Illustrations | ill. ; |
| Size | 22 cm. |
| 504 ## - BIBLIOGRAPHY, ETC. NOTE | |
| Bibliography, etc | Bibliography: p. 380-384. |
| 650 #0 - SUBJECT ADDED ENTRY--TOPICAL TERM | |
| Topical term or geographic name as entry element | Textile industry. |
| 9 (RLIN) | 132804 |
| Topical term or geographic name as entry element | Textile chemistry. |
| 9 (RLIN) | 163104 |
| Topical term or geographic name as entry element | Textile fabrics. |
| 9 (RLIN) | 206389 |
| 942 ## - ADDED ENTRY ELEMENTS (KOHA) | |
| Source of classification or shelving scheme | Dewey Decimal Classification |
| Koha item type | Books |
| Lost status | Source of classification or shelving scheme | Damaged status | Not for loan | Collection code | Permanent Location | Current Location | Shelving location | Date acquired | Source of acquisition | Cost, normal purchase price | Total Checkouts | Full call number | Date last seen | Copy number | Koha item type |
|---|---|---|---|---|---|---|---|---|---|---|---|---|---|---|---|
| Dewey Decimal Classification | Not For Loan | Non-fiction | Central Library, University of Rajshahi | Central Library, University of Rajshahi | Reading Room | 07/06/1955 | Allies books | 18.00 | 677 MAT 1949 | 13/04/2017 | C-1 | Books |